00481cam a22002051 4500001001300000003000400013005001700017008004100034010001700075035002000092040001800112042001200130050002000142100002300162245002800185260001100213300001900224500001500243999001700258sa 64005861 DLC20260227112035.0881028s1961 xx 000 0 beno  asa 64005861  a(OCoLC)23577878 aDLCcMiUdDLC apremarc00aPK1718.A365bR51 aAhmad, Reyazuddin.10aRimjhima barashāẏa. c[1961] a104 p.c20 cm. aRomanized. c59371d59371